Parroquias do concello da Coruña - Estadísticas

Estadísticas generales
  • Esta prueba ha sido intentada 26 veces
  • La puntuación promedio es 3 de 5
Estadísticas de respuestas
A Coruña % Correcto
Oza
75%
A Coruña
65%
Elviña
60%
Visma
60%
As viñas
20%
No se encontraron pruebas coincidentes
Distribución de puntuación
Porcentaje de gente con cada puntuación
Porcentaje por número respondido
Historial de tus puntuaciones
No has intentado esta prueba.